Govt. of
Madhya Pradesh

Trees of India (Record no. 40171)

MARC details
000 -LEADER
fixed length control field 004280000a22001810004500
003 - CONTROL NUMBER IDENTIFIER
control field MACL
005 - DATE AND TIME OF LATEST TRANSACTION
control field 20151219142340.0
008 - FIXED-LENGTH DATA ELEMENTS--GENERAL INFORMATION
fixed length control field 151219b xxu||||| |||| 00| 0 eng d
040 ## - CATALOGING SOURCE
Original cataloging agency MACL
Transcribing agency MACL
041 ## - LANGUAGE CODE
Language code of text/sound track or separate title English
082 ## - DEWEY DECIMAL CLASSIFICATION NUMBER
Classification number 582.16/MEN
100 ## - MAIN ENTRY--PERSONAL NAME
Personal name Menon, Dr Subhadra
9 (RLIN) 21430
245 ## - TITLE STATEMENT
Title Trees of India
260 ## - PUBLICATION, DISTRIBUTION, ETC. (IMPRINT)
Name of publisher, distributor, etc. Timeless Books
Date of publication, distribution, etc. 2000
350 ## - PRICE (NR) (BK AM CF MU VM SE) [OBSOLETE]
Price 1800
650 ## - SUBJECT ADDED ENTRY--TOPICAL TERM
Topical term or geographic name as entry element Plants
9 (RLIN) 5537
942 ## - ADDED ENTRY ELEMENTS (KOHA)
Koha item type Books
Call number prefix 582.16/MEN
Source of classification or shelving scheme
Holdings
Withdrawn status Lost status Source of classification or shelving scheme Damaged status Not for loan Home library Current library Date acquired Full call number Barcode Date last seen Uniform Resource Identifier Price effective from Koha item type
          MACL MACL 15/04/2015 582.16/MEN GRB003001 29/04/2015 40416 15/04/2015 Books